MARC

LEADER 00000nam0a2200000 4500
001 31310
005 20231030204419.0
010 |a 5785601389 
035 |a (RuTPU)RU\TPU\book\31587 
035 |a BOOK00031666 
090 |a 31310 
100 |a 20011209d2001 m y0rusy50 ca 
101 0 |a rus 
102 |a RU 
105 |a a j 001zy 
200 1 |a Экономика. Общий курс  |e учебник  |f А. Г. Войтов 
205 |f 5-е изд., перераб. и доп. 
210 |a Москва  |c Маркетинг  |d 2001 
215 |a 584 с.  |c ил. 
320 |a Библиогр.: с. 574-582. 
451 1 |0 (RuTPU)RU\TPU\book\160408  |y 978-5-91131-485-9  |t Экономика. Общий курс (Фундаментальная теория экономики)  |o учебник  |f А. Г. Войтов  |e 10-е изд., перераб. и доп.  |c М.  |n Дашков и К  |d 2008  |p 610 с.  |a Войтов, Александр Георгиевич 
451 1 |0 (RuTPU)RU\TPU\book\13546  |y 5785601389  |t Экономика. Общий курс  |o учебник  |f А. Г. Войтов  |e 4-е изд., перераб. и доп.  |c М.  |n Маркетинг  |d 2000  |p 584 с.  |a Войтов, А. Г. 
610 1 |a экономика 
610 1 |a экономическая теория 
610 1 |a микроэкономика 
610 1 |a рыночная экономика 
610 1 |a свободный рынок 
610 1 |a рынок капитала 
610 1 |a макроэкономика 
610 1 |a мегаэкономика 
610 1 |a общественное воспроизводство 
610 1 |a собственность 
610 1 |a занятость 
610 1 |a менеджмент 
610 1 |a планирование 
610 1 |a ценообразование 
610 1 |a доходы 
610 1 |a финансы 
610 1 |a анализ 
610 1 |a государственная экспертиза 
610 1 |a учебники 
686 |a У011я73  |v LBC/SL-A  |2 rubbk 
700 1 |a Войтов  |b А. Г 
801 0 |a RU  |b 63413507  |c 20011209  |g PSBO 
801 2 |a RU  |b 63413507  |c 20120131  |g PSBO 
942 |c BK